[Event "Women"]
[Site "Tallinn, EE"]
[Date "2024.12.14"]
[Round "1.1"]
[White "Narva, Regina"]
[Black "Brokko, Margit"]
[Result "0-1"]
[Board "4"]
[TimeControl "40/5400+30"]
[WhiteFideId "4500237"]
[BlackFideId "4501098"]
[WhiteTitle "WFM"]
[BlackTitle "WFM"]
[WhiteElo "1969"]
[BlackElo "1958"]
[WhiteTeam "EST"]
[BlackTeam "EST"]
[WhiteClock "0:02:47"]
[BlackClock "0:30:35"]
[Variant "Standard"]

1. e4 {[%clk 1:30:05]}  e5 {[%clk 1:30:36]} 2. Nc3 {[%clk 1:29:22]}  Nf6 {[%clk 1:30:23]} 3. g3 {[%clk 1:28:28]}  Bc5 {[%clk 1:30:03]} 4. Bg2 {[%clk 1:27:32]}  d6 {[%clk 1:29:32]} 5. Na4 {[%clk 1:24:42]}  Bb6 {[%clk 1:27:32]} 6. Nxb6 {[%clk 1:21:41]}  axb6 {[%clk 1:27:56]} 7. h3 {[%clk 1:19:41]}  Be6 {[%clk 1:26:42]} 8. b3 {[%clk 1:05:46]}  Nc6 {[%clk 1:25:46]} 9. Bb2 {[%clk 0:54:41]}  O-O {[%clk 1:24:40]} 10. f4 {[%clk 0:50:17]}  exf4 {[%clk 1:21:53]} 11. gxf4 {[%clk 0:49:09]}  Re8 {[%clk 1:20:31]} 12. d3 {[%clk 0:47:18]}  Bf5 {[%clk 1:17:01]} 13. Ne2 {[%clk 0:25:59]}  Bg6 {[%clk 1:14:40]} 14. Ng3 {[%clk 0:22:05]}  Nh5 {[%clk 1:10:02]} 15. Qg4 {[%clk 0:18:32]}  Nxg3 {[%clk 1:04:01]} 16. Qxg3 {[%clk 0:18:54]}  f5 {[%clk 1:04:05]} 17. O-O {[%clk 0:18:47]}  Qd7 {[%clk 1:03:22]} 18. a3 {[%clk 0:14:56]}  Rf8 {[%clk 0:58:30]} 19. Rae1 {[%clk 0:14:02]}  Rae8 {[%clk 0:57:42]} 20. h4 {[%clk 0:13:24]}  Re7 {[%clk 0:51:13]} 21. Bh3 {[%clk 0:12:16]}  Qe8 {[%clk 0:48:22]} 22. exf5 {[%clk 0:09:43]}  Bxf5 {[%clk 0:44:09]} 23. Bxf5 {[%clk 0:07:04]}  Rxf5 {[%clk 0:44:05]} 24. Rxe7 {[%clk 0:06:48]}  Qxe7 {[%clk 0:43:45]} 25. Re1 {[%clk 0:07:13]}  Qd7 {[%clk 0:42:54]} 26. Re8+ {[%clk 0:06:41]}  Rf8 {[%clk 0:43:03]} 27. Re2 {[%clk 0:06:10]}  Qf7 {[%clk 0:41:22]} 28. Rg2 {[%clk 0:03:51]}  g6 {[%clk 0:41:12]} 29. h5 {[%clk 0:03:43]}  Ne7 {[%clk 0:39:48]} 30. hxg6 {[%clk 0:03:38]}  Nxg6 {[%clk 0:39:48]} 31. Rf2 {[%clk 0:03:32]}  Qf5 {[%clk 0:39:29]} 32. Qg5 {[%clk 0:03:30]}  Qxg5+ {[%clk 0:32:24]} 33. fxg5 {[%clk 0:03:55]}  Nf4 {[%clk 0:32:25]} 34. Kh2 {[%clk 0:03:53]}  Ne6 {[%clk 0:31:28]} 35. Rg2 {[%clk 0:03:53]}  Rf5 {[%clk 0:31:10]} 36. g6 {[%clk 0:03:28]}  h6 {[%clk 0:30:58]} 37. g7 {[%clk 0:01:53]}  Rh5+ {[%clk 0:30:16]} 38. Kg1 {[%clk 0:02:18]}  Rg5 {[%clk 0:30:16]} 39. Rxg5 {[%clk 0:01:33]}  hxg5 {[%clk 0:30:32]} 40. Bf6 {[%clk 0:16:57]}  g4 {[%clk 0:42:39]} 41. Kf2 {[%clk 0:16:13]}  Nxg7 {[%clk 0:39:17]} 42. Bxg7 {[%clk 0:03:01]}  Kxg7 {[%clk 0:39:38]} 43. Kg3 {[%clk 0:03:29]}  Kf6 {[%clk 0:39:54]} 44. Kxg4 {[%clk 0:03:55]}  Ke5 {[%clk 0:40:10]} 45. c3 {[%clk 0:04:22]}  b5 {[%clk 0:40:06]} 46. Kf3 {[%clk 0:04:20]}  c5 {[%clk 0:38:55]} 47. Ke3 {[%clk 0:03:52]}  b6 {[%clk 0:36:22]} 48. Kf3 {[%clk 0:03:02]}  b4 {[%clk 0:34:14]} 49. axb4 {[%clk 0:01:03]}  cxb4 {[%clk 0:34:26]} 50. cxb4 {[%clk 0:00:43]}  Kd4 {[%clk 0:34:44]} 51. Kf4 {[%clk 0:00:59]}  Kxd3 {[%clk 0:33:58]} 52. Kf5 {[%clk 0:00:52]}  d5 {[%clk 0:32:16]} 53. Ke5 {[%clk 0:01:10]}  d4 {[%clk 0:32:35]} 54. b5 {[%clk 0:01:20]}  Kc3 {[%clk 0:32:40]} 55. Kd6 {[%clk 0:01:46]}  d3 {[%clk 0:32:57]} 56. Kc6 {[%clk 0:02:12]}  d2 {[%clk 0:33:16]} 57. Kxb6 {[%clk 0:02:39]}  d1=Q {[%clk 0:33:07]} 58. Kc7 {[%clk 0:02:34]}  Kb4 {[%clk 0:32:49]} 59. b6 {[%clk 0:03:00]}  Qc1+ {[%clk 0:32:25]} 60. Kb8 {[%clk 0:03:19]}  Ka5 {[%clk 0:30:54]} 61. b7 {[%clk 0:03:00]}  Kb6 {[%clk 0:30:18]} 62. Ka8 {[%clk 0:02:47]}  Qa1+ {[%clk 0:30:35]} 0-1

[Event "Women"]
[Site "Tallinn, EE"]
[Date "2024.12.15"]
[Round "1.2"]
[White "Brokko, Margit"]
[Black "Narva, Regina"]
[Result "1-0"]
[Board "4"]
[TimeControl "40/5400+30"]
[WhiteFideId "4501098"]
[BlackFideId "4500237"]
[WhiteTitle "WFM"]
[BlackTitle "WFM"]
[WhiteElo "1958"]
[BlackElo "1969"]
[WhiteTeam "EST"]
[BlackTeam "EST"]
[WhiteClock "0:26:02"]
[BlackClock "0:10:11"]
[Variant "Standard"]

1. e4 {[%clk 1:30:53]}  c5 {[%clk 1:30:19]} 2. Nc3 {[%clk 1:31:10]}  g6 {[%clk 1:29:29]} 3. g3 {[%clk 1:31:33]}  Bg7 {[%clk 1:28:38]} 4. Bg2 {[%clk 1:31:53]}  Nc6 {[%clk 1:28:18]} 5. d3 {[%clk 1:32:14]}  d6 {[%clk 1:27:42]} 6. Be3 {[%clk 1:32:28]}  e6 {[%clk 1:26:27]} 7. Qd2 {[%clk 1:32:20]}  Rb8 {[%clk 1:24:25]} 8. f4 {[%clk 1:25:36]}  Nge7 {[%clk 1:13:55]} 9. Nge2 {[%clk 1:19:24]}  b5 {[%clk 1:09:48]} 10. O-O {[%clk 1:18:57]}  b4 {[%clk 1:05:17]} 11. Nd1 {[%clk 1:19:18]}  O-O {[%clk 1:04:37]} 12. d4 {[%clk 1:14:14]}  Qb6 {[%clk 0:50:17]} 13. dxc5 {[%clk 1:03:09]}  dxc5 {[%clk 0:50:38]} 14. Qd6 {[%clk 0:58:34]}  Nd4 {[%clk 0:09:18]} 15. Qxe7 {[%clk 0:54:31]}  Nxe2+ {[%clk 0:09:38]} 16. Kh1 {[%clk 0:43:17]}  Nd4 {[%clk 0:09:47]} 17. c3 {[%clk 0:41:34]}  Rb7 {[%clk 0:09:22]} 18. Qh4 {[%clk 0:37:36]}  Nc2 {[%clk 0:09:03]} 19. Rc1 {[%clk 0:37:50]}  Nxe3 {[%clk 0:09:21]} 20. Nxe3 {[%clk 0:38:06]}  bxc3 {[%clk 0:09:41]} 21. bxc3 {[%clk 0:37:57]}  Qa5 {[%clk 0:10:05]} 22. e5 {[%clk 0:35:53]}  Rb2 {[%clk 0:10:28]} 23. Nc4 {[%clk 0:35:37]}  Qxa2 {[%clk 0:10:29]} 24. Nxb2 {[%clk 0:35:54]}  Qxb2 {[%clk 0:10:57]} 25. Qe7 {[%clk 0:34:40]}  Ba6 {[%clk 0:10:55]} 26. Rfd1 {[%clk 0:33:25]}  Qf2 {[%clk 0:09:49]} 27. Qxa7 {[%clk 0:31:58]}  Be2 {[%clk 0:10:12]} 28. Qa2 {[%clk 0:29:23]}  Qe3 {[%clk 0:09:18]} 29. Re1 {[%clk 0:29:26]}  Bc4 {[%clk 0:09:44]} 30. Qxc4 {[%clk 0:29:19]}  Qd2 {[%clk 0:10:11]} 31. Qxc5 {[%clk 0:26:02]} 1-0

[Event "Women"]
[Site "Tallinn, EE"]
[Date "2024.12.16"]
[Round "2.1"]
[White "Olde, Margareth"]
[Black "Brokko, Margit"]
[Result "1-0"]
[Board "1"]
[TimeControl "40/5400+30"]
[WhiteFideId "4503082"]
[BlackFideId "4501098"]
[WhiteTitle "WIM"]
[BlackTitle "WFM"]
[WhiteElo "2147"]
[BlackElo "1958"]
[WhiteTeam "EST"]
[BlackTeam "EST"]
[WhiteClock "1:03:51"]
[BlackClock "1:08:23"]
[Variant "Standard"]

1. e4 {[%clk 1:30:45]}  d6 {[%clk 1:28:27]} 2. d4 {[%clk 1:30:58]}  Nf6 {[%clk 1:28:50]} 3. Nc3 {[%clk 1:30:59]}  g6 {[%clk 1:23:27]} 4. Be3 {[%clk 1:31:10]}  Bg7 {[%clk 1:23:49]} 5. h3 {[%clk 1:31:28]}  O-O {[%clk 1:24:05]} 6. Qd2 {[%clk 1:31:35]}  Re8 {[%clk 1:24:28]} 7. Nf3 {[%clk 1:29:21]}  Nbd7 {[%clk 1:24:04]} 8. e5 {[%clk 1:22:34]}  Nh5 {[%clk 1:19:48]} 9. g4 {[%clk 1:19:51]}  dxe5 {[%clk 1:16:59]} 10. dxe5 {[%clk 1:13:16]}  Nxe5 {[%clk 1:12:01]} 11. Nxe5 {[%clk 1:13:16]}  Bxe5 {[%clk 1:11:31]} 12. gxh5 {[%clk 1:11:58]}  gxh5 {[%clk 1:10:23]} 13. O-O-O {[%clk 1:08:44]}  Qxd2+ {[%clk 1:07:40]} 14. Rxd2 {[%clk 1:08:12]}  Bf5 {[%clk 1:07:54]} 15. Bd3 {[%clk 1:05:25]}  Bg6 {[%clk 1:07:56]} 16. f4 {[%clk 1:05:12]}  Bxc3 {[%clk 1:07:34]} 17. bxc3 {[%clk 1:05:33]}  e6 {[%clk 1:07:54]} 18. Bd4 {[%clk 1:05:22]}  b6 {[%clk 1:07:44]} 19. Bf6 {[%clk 1:04:36]}  a5 {[%clk 1:07:46]} 20. Bb5 {[%clk 1:03:58]}  Rec8 {[%clk 1:07:26]} 21. Bc6 {[%clk 1:04:12]}  Rab8 {[%clk 1:07:33]} 22. Rhd1 {[%clk 1:04:03]}  Bf5 {[%clk 1:07:41]} 23. h4 {[%clk 1:03:58]}  h6 {[%clk 1:07:39]} 24. Rd8+ {[%clk 1:03:38]}  Kh7 {[%clk 1:08:04]} 25. Rxc8 {[%clk 1:03:37]}  Rxc8 {[%clk 1:08:23]} 26. Rd8 {[%clk 1:03:51]} 1-0

[Event "Estonian Women's Chess Championship 2024"]
[Site "Tallinn, Estonia"]
[Date "2024.12.17"]
[Round "9.1"]
[White "Brokko, Margit"]
[Black "Olde, Margareth"]
[Result "1/2-1/2"]
[WhiteTitle "WFM"]
[BlackTitle "WIM"]
[WhiteFideId "4501098"]
[BlackFideId "4503082"]
[WhiteElo "1958"]
[BlackElo "2147"]

1. e4 {[%clk 01:30:16]} {[%emt 00:00:44]} e5 {[%clk 01:30:51]} {[%emt
00:00:09]} 2. Nf3 {[%clk 01:30:36]} {[%emt 00:00:10]} Nc6 {[%clk 01:31:03]}
{[%emt 00:00:18]} 3. Bc4 {[%clk 01:30:30]} {[%emt 00:00:36]} Bc5 {[%clk
01:31:03]} {[%emt 00:00:30]} 4. c3 {[%clk 01:30:41]} {[%emt 00:00:20]} Nf6
{[%clk 01:31:01]} {[%emt 00:00:31]} 5. d3 {[%clk 01:30:31]} {[%emt 00:00:39]}
d6 {[%clk 01:30:38]} {[%emt 00:00:54]} 6. O-O {[%clk 01:30:39]} {[%emt
00:00:22]} a6 {[%clk 01:27:44]} {[%emt 00:03:24]} 7. a4 {[%clk 01:26:54]}
{[%emt 00:04:15]} Ba7 {[%clk 01:26:41]} {[%emt 00:01:32]} 8. h3 {[%clk
01:25:30]} {[%emt 00:01:55]} h6 {[%clk 01:26:21]} {[%emt 00:00:50]} 9. Re1
{[%clk 01:25:09]} {[%emt 00:00:50]} O-O {[%clk 01:25:52]} {[%emt 00:00:59]} 10.
Nbd2 {[%clk 01:24:52]} {[%emt 00:00:48]} Re8 {[%clk 01:24:53]} {[%emt
00:01:29]} 11. Nf1 {[%clk 01:24:35]} {[%emt 00:00:46]} Be6 {[%clk 01:24:27]}
{[%emt 00:00:57]} 12. Ne3 {[%clk 01:21:01]} {[%emt 00:04:04]} d5 {[%clk
01:21:41]} {[%emt 00:03:15]} 13. exd5 {[%clk 01:18:12]} {[%emt 00:03:19]} Nxd5
{[%clk 01:21:37]} {[%emt 00:00:34]} 14. Nxd5 {[%clk 01:12:56]} {[%emt
00:05:45]} Bxd5 {[%clk 01:21:59]} {[%emt 00:00:09]} 15. Bxd5 {[%clk 01:12:29]}
{[%emt 00:00:56]} Qxd5 {[%clk 01:22:23]} {[%emt 00:00:06]} 16. Be3 {[%clk
01:09:46]} {[%emt 00:03:13]} Bxe3 {[%clk 01:22:14]} {[%emt 00:00:40]} 17. Rxe3
{[%clk 01:09:33]} {[%emt 00:00:43]} Rad8 {[%clk 01:21:58]} {[%emt 00:00:45]} 18.
Qc2 {[%clk 01:07:33]} {[%emt 00:02:30]} Rd7 {[%clk 01:16:56]} {[%emt 00:05:29]}
19. d4 {[%clk 01:05:52]} {[%emt 00:02:15]} Rde7 {[%clk 01:13:26]} {[%emt
00:04:00]} 20. dxe5 {[%clk 01:06:03]} {[%emt 00:00:20]} Nxe5 {[%clk 01:13:20]}
{[%emt 00:00:36]} 21. Nxe5 {[%clk 01:05:50]} {[%emt 00:00:43]} Rxe5 {[%clk
01:13:42]} {[%emt 00:00:08]} 22. Rxe5 {[%clk 01:05:56]} {[%emt 00:00:24]}
1/2-1/2

[Event "Women"]
[Site "Tallinn, EE"]
[Date "2024.12.16"]
[Round "2.1"]
[White "Olde, Grete"]
[Black "Tsiganova, Monika"]
[Result "1-0"]
[Board "2"]
[TimeControl "40/5400+30"]
[WhiteFideId "4503104"]
[BlackFideId "4500199"]
[WhiteTitle "WCM"]
[BlackTitle "WIM"]
[WhiteElo "1942"]
[BlackElo "2077"]
[WhiteTeam "EST"]
[BlackTeam "EST"]
[WhiteClock "0:04:48"]
[BlackClock "0:13:49"]
[Variant "Standard"]

1. e4 {[%clk 1:30:57]}  c6 {[%clk 1:30:23]} 2. d4 {[%clk 1:31:12]}  d5 {[%clk 1:30:44]} 3. e5 {[%clk 1:31:32]}  Qb6 {[%clk 1:30:37]} 4. Nf3 {[%clk 1:23:10]}  Bg4 {[%clk 1:30:23]} 5. Be2 {[%clk 1:22:15]}  e6 {[%clk 1:30:26]} 6. O-O {[%clk 1:20:45]}  Nd7 {[%clk 1:30:41]} 7. Nbd2 {[%clk 1:16:33]}  c5 {[%clk 1:29:11]} 8. c4 {[%clk 1:08:06]}  Ne7 {[%clk 1:10:33]} 9. Nb3 {[%clk 0:53:33]}  cxd4 {[%clk 1:06:40]} 10. Nbxd4 {[%clk 0:50:51]}  dxc4 {[%clk 0:55:24]} 11. Qa4 {[%clk 0:40:10]}  Nc6 {[%clk 0:51:25]} 12. Be3 {[%clk 0:37:01]}  Bc5 {[%clk 0:49:11]} 13. Nxc6 {[%clk 0:27:53]}  Bxe3 {[%clk 0:32:02]} 14. Na5 {[%clk 0:25:34]}  Bc5 {[%clk 0:32:12]} 15. Nxc4 {[%clk 0:22:10]}  Qb4 {[%clk 0:26:04]} 16. Qc2 {[%clk 0:18:44]}  Bf5 {[%clk 0:25:25]} 17. Qd1 {[%clk 0:17:45]}  b5 {[%clk 0:20:39]} 18. a3 {[%clk 0:15:57]}  Qa4 {[%clk 0:20:59]} 19. Nd6+ {[%clk 0:15:51]}  Ke7 {[%clk 0:19:42]} 20. Bxb5 {[%clk 0:12:50]}  Qxd1 {[%clk 0:19:14]} 21. Nxf5+ {[%clk 0:12:49]}  exf5 {[%clk 0:19:23]} 22. Rfxd1 {[%clk 0:12:55]}  Rhd8 {[%clk 0:19:14]} 23. b4 {[%clk 0:09:12]}  Bb6 {[%clk 0:19:22]} 24. a4 {[%clk 0:09:04]}  Nf8 {[%clk 0:17:27]} 25. a5 {[%clk 0:08:54]}  Bc7 {[%clk 0:17:42]} 26. Nd4 {[%clk 0:08:51]}  Bxe5 {[%clk 0:17:02]} 27. Nc6+ {[%clk 0:08:32]}  Kf6 {[%clk 0:17:23]} 28. Rxd8 {[%clk 0:05:32]}  Rxd8 {[%clk 0:17:42]} 29. Nxd8 {[%clk 0:05:55]}  Bxa1 {[%clk 0:17:57]} 30. Nc6 {[%clk 0:06:09]}  Bc3 {[%clk 0:18:21]} 31. a6 {[%clk 0:06:05]}  Ne6 {[%clk 0:18:24]} 32. Bc4 {[%clk 0:05:16]}  Nd4 {[%clk 0:14:15]} 33. Nxa7 {[%clk 0:05:09]}  Bxb4 {[%clk 0:14:35]} 34. Nc8 {[%clk 0:05:21]}  Nc6 {[%clk 0:13:49]} 35. Bb5 {[%clk 0:04:48]} 1-0

[Event "Estonian Women's Chess Championship 2024"]
[Site "Tallinn, Estonia"]
[Date "2024.12.17"]
[Round "9.2"]
[White "Tsiganova, Monika"]
[Black "Olde, Grete"]
[Result "1/2-1/2"]
[WhiteTitle "WIM"]
[BlackTitle "WCM"]
[WhiteFideId "4500199"]
[BlackFideId "4503104"]
[WhiteElo "2077"]
[BlackElo "1942"]

1. d4 {[%clk 01:29:50]} {[%emt 00:01:09]} d5 {[%clk 01:30:48]} {[%emt
00:00:12]} 2. c4 {[%clk 01:29:59]} {[%emt 00:00:22]} e6 {[%clk 01:31:11]}
{[%emt 00:00:08]} 3. Nf3 {[%clk 01:29:55]} {[%emt 00:00:34]} Nf6 {[%clk
01:31:22]} {[%emt 00:00:18]} 4. g3 {[%clk 01:29:54]} {[%emt 00:00:31]} Be7
{[%clk 01:31:24]} {[%emt 00:00:27]} 5. Bg2 {[%clk 01:29:46]} {[%emt 00:00:38]}
O-O {[%clk 01:31:41]} {[%emt 00:00:13]} 6. O-O {[%clk 01:30:06]} {[%emt
00:00:10]} dxc4 {[%clk 01:31:56]} {[%emt 00:00:15]} 7. Qc2 {[%clk 01:30:20]}
{[%emt 00:00:16]} a6 {[%clk 01:31:57]} {[%emt 00:00:29]} 8. a4 {[%clk
01:28:44]} {[%emt 00:02:06]} Bd7 {[%clk 01:30:37]} {[%emt 00:01:49]} 9. Rd1
{[%clk 01:28:30]} {[%emt 00:00:43]} Bc6 {[%clk 01:22:23]} {[%emt 00:08:45]} 10.
Nc3 {[%clk 01:28:28]} {[%emt 00:00:32]} Bb4 {[%clk 01:18:19]} {[%emt 00:04:34]}
11. d5 {[%clk 00:49:07]} {[%emt 00:39:51]} exd5 {[%clk 01:11:47]} {[%emt
00:07:02]} 12. Nxd5 {[%clk 00:46:34]} {[%emt 00:03:03]} Bxd5 {[%clk 01:04:53]}
{[%emt 00:07:25]} 13. Ng5 {[%clk 00:46:25]} {[%emt 00:00:38]} g6 {[%clk
00:59:46]} {[%emt 00:05:38]} 14. e4 {[%clk 00:44:57]} {[%emt 00:01:59]} c6
{[%clk 00:38:57]} {[%emt 00:21:20]} 15. exd5 {[%clk 00:44:58]} {[%emt
00:00:28]} cxd5 {[%clk 00:38:26]} {[%emt 00:01:01]} 16. Nh3 {[%clk 00:44:19]}
{[%emt 00:01:08]} Nbd7 {[%clk 00:33:55]} {[%emt 00:05:01]} 17. Bg5 {[%clk
00:43:08]} {[%emt 00:01:40]} Qb6 {[%clk 00:26:38]} {[%emt 00:07:48]} 18. Nf4
{[%clk 00:42:16]} {[%emt 00:01:23]} d4 {[%clk 00:14:56]} {[%emt 00:12:12]} 19.
Qxc4 {[%clk 00:42:04]} {[%emt 00:00:42]} Qc5 {[%clk 00:14:29]} {[%emt
00:00:57]} 20. Qxc5 {[%clk 00:41:43]} {[%emt 00:00:51]} Bxc5 {[%clk 00:14:53]}
{[%emt 00:00:06]} 21. Nd3 {[%clk 00:41:58]} {[%emt 00:00:14]} Ng4 {[%clk
00:13:28]} {[%emt 00:01:55]} 22. Nxc5 {[%clk 00:39:00]} {[%emt 00:03:29]} Nxc5
{[%clk 00:13:56]} {[%emt 00:00:02]} 23. Be7 {[%clk 00:37:09]} {[%emt 00:02:21]}
Nb3 {[%clk 00:12:49]} {[%emt 00:01:37]} 24. Ra3 {[%clk 00:35:40]} {[%emt
00:01:59]} Rfe8 {[%clk 00:13:00]} {[%emt 00:00:18]} 25. Bb4 {[%clk 00:35:01]}
{[%emt 00:01:09]} a5 {[%clk 00:12:27]} {[%emt 00:01:04]} 26. Rxb3 {[%clk
00:34:19]} {[%emt 00:01:12]} axb4 {[%clk 00:12:47]} {[%emt 00:00:10]} 27. Rxb4
{[%clk 00:34:21]} {[%emt 00:00:27]} Re7 {[%clk 00:08:39]} {[%emt 00:04:38]} 28.
Rbxd4 {[%clk 00:34:13]} {[%emt 00:00:39]} Ne5 {[%clk 00:08:31]} {[%emt
00:00:38]} 29. b3 {[%clk 00:30:11]} {[%emt 00:04:31]} Kg7 {[%clk 00:08:01]}
{[%emt 00:01:01]} 30. h4 {[%clk 00:30:17]} {[%emt 00:00:23]} Rc8 {[%clk
00:06:54]} {[%emt 00:01:37]} 31. Re4 {[%clk 00:27:57]} {[%emt 00:02:50]} Rcc7
{[%clk 00:06:12]} {[%emt 00:01:13]} 32. Rde1 {[%clk 00:22:05]} {[%emt
00:06:21]} Nc6 {[%clk 00:06:08]} {[%emt 00:00:34]} 33. Rxe7 {[%clk 00:22:26]}
{[%emt 00:00:09]} Nxe7 {[%clk 00:06:34]} {[%emt 00:00:04]} 34. Re5 {[%clk
00:22:39]} {[%emt 00:00:17]} Nf5 {[%clk 00:06:22]} {[%emt 00:00:42]} 35. Rb5
{[%clk 00:17:08]} {[%emt 00:06:01]} Rc1+ {[%clk 00:05:27]} {[%emt 00:01:25]} 36.
Kh2 {[%clk 00:17:22]} {[%emt 00:00:16]} Rc2 {[%clk 00:05:35]} {[%emt 00:00:22]}
37. Rxb7 {[%clk 00:16:13]} {[%emt 00:01:39]} Rxf2 {[%clk 00:05:51]} {[%emt
00:00:13]} 38. Kg1 {[%clk 00:16:30]} {[%emt 00:00:14]} Ra2 {[%clk 00:03:56]}
{[%emt 00:02:25]} 39. Bd5 {[%clk 00:15:17]} {[%emt 00:01:42]} Nxg3 {[%clk
00:03:07]} {[%emt 00:01:20]} 40. Bxf7 {[%clk 00:30:26]} {[%emt 00:00:21]} Kf6
{[%clk 00:17:58]} {[%emt 00:00:39]} 41. Bc4 {[%clk 00:30:27]} {[%emt 00:00:28]}
Kf5 {[%clk 00:15:03]} {[%emt 00:03:25]} 42. Rxh7 {[%clk 00:29:42]} {[%emt
00:01:16]} Kf4 {[%clk 00:13:56]} {[%emt 00:01:38]} 43. Rg7 {[%clk 00:29:30]}
{[%emt 00:00:42]} Nf5 {[%clk 00:12:45]} {[%emt 00:01:41]} 44. Rxg6 {[%clk
00:27:33]} {[%emt 00:02:27]} Nxh4 {[%clk 00:12:46]} {[%emt 00:00:29]} 45. Rf6+
{[%clk 00:27:17]} {[%emt 00:00:45]} Ke3 {[%clk 00:12:24]} {[%emt 00:00:50]} 46.
Bd5 {[%clk 00:26:29]} {[%emt 00:01:21]} Rd2 {[%clk 00:11:51]} {[%emt 00:01:02]}
47. Bc6 {[%clk 00:24:31]} {[%emt 00:02:28]} Rb2 {[%clk 00:10:17]} {[%emt
00:02:04]} 48. Re6+ {[%clk 00:17:22]} {[%emt 00:07:39]} Kf4 {[%clk 00:09:39]}
{[%emt 00:01:06]} 49. Re4+ {[%clk 00:17:18]} {[%emt 00:00:35]} Kg3 {[%clk
00:07:54]} {[%emt 00:02:16]} 50. Re3+ {[%clk 00:17:39]} {[%emt 00:00:09]} Kf4
{[%clk 00:08:06]} {[%emt 00:00:17]} 51. Rc3 {[%clk 00:17:39]} {[%emt 00:00:30]}
Nf5 {[%clk 00:07:31]} {[%emt 00:01:04]} 52. Rf3+ {[%clk 00:10:55]} {[%emt
00:07:15]} Ke5 {[%clk 00:07:12]} {[%emt 00:00:50]} 53. a5 {[%clk 00:10:23]}
{[%emt 00:01:03]} Nd4 {[%clk 00:06:13]} {[%emt 00:01:27]} 54. Re3+ {[%clk
00:10:28]} {[%emt 00:00:25]} Kf4 {[%clk 00:05:39]} {[%emt 00:01:03]} 55. Re4+
{[%clk 00:04:14]} {[%emt 00:06:44]} Kg3 {[%clk 00:05:49]} {[%emt 00:00:20]} 56.
Re3+ {[%clk 00:03:43]} {[%emt 00:01:01]} Kf4 {[%clk 00:06:13]} {[%emt
00:00:07]} 57. Re4+ {[%clk 00:03:46]} {[%emt 00:00:28]} Kg3 {[%clk 00:06:36]}
{[%emt 00:00:06]} 58. Re3+ {[%clk 00:04:12]} {[%emt 00:00:04]} 1/2-1/2

[Event "Women"]
[Site "Tallinn, EE"]
[Date "2024.12.18"]
[Round "3.1"]
[White "Olde, Grete"]
[Black "Olde, Margareth"]
[Result "1/2-1/2"]
[Board "1"]
[TimeControl "40/5400+30"]
[WhiteFideId "4503104"]
[BlackFideId "4503082"]
[WhiteTitle "WCM"]
[BlackTitle "WIM"]
[WhiteElo "1942"]
[BlackElo "2147"]
[WhiteTeam "EST"]
[BlackTeam "EST"]
[WhiteClock "0:05:12"]
[BlackClock "0:01:18"]
[Variant "Standard"]

1. e4 {[%clk 1:30:56]}  c5 {[%clk 1:30:48]} 2. Nf3 {[%clk 1:30:57]}  Nc6 {[%clk 1:31:10]} 3. Bb5 {[%clk 1:31:07]}  e6 {[%clk 1:31:07]} 4. Bxc6 {[%clk 1:31:12]}  bxc6 {[%clk 1:31:25]} 5. b3 {[%clk 1:31:24]}  Ne7 {[%clk 1:26:53]} 6. Nc3 {[%clk 1:27:31]}  Ng6 {[%clk 1:26:11]} 7. h4 {[%clk 1:25:56]}  h5 {[%clk 1:21:37]} 8. e5 {[%clk 1:24:23]}  f6 {[%clk 1:00:57]} 9. Ne4 {[%clk 1:13:12]}  fxe5 {[%clk 0:52:41]} 10. Nfg5 {[%clk 1:06:49]}  d5 {[%clk 0:50:36]} 11. Qf3 {[%clk 0:57:57]}  Qc7 {[%clk 0:48:17]} 12. Ng3 {[%clk 0:52:47]}  e4 {[%clk 0:47:38]} 13. Qd1 {[%clk 0:45:05]}  Nf4 {[%clk 0:45:40]} 14. O-O {[%clk 0:43:18]}  Be7 {[%clk 0:42:49]} 15. d3 {[%clk 0:40:44]}  Bxg5 {[%clk 0:37:30]} 16. hxg5 {[%clk 0:40:54]}  exd3 {[%clk 0:35:54]} 17. Qf3 {[%clk 0:36:43]}  Ng6 {[%clk 0:22:25]} 18. Qxd3 {[%clk 0:31:59]}  Qf7 {[%clk 0:22:47]} 19. Ba3 {[%clk 0:28:40]}  h4 {[%clk 0:19:17]} 20. Ne2 {[%clk 0:27:45]}  h3 {[%clk 0:18:08]} 21. g3 {[%clk 0:23:32]}  Ne5 {[%clk 0:13:28]} 22. Qe3 {[%clk 0:22:53]}  Qf3 {[%clk 0:13:27]} 23. Qxf3 {[%clk 0:22:53]}  Nxf3+ {[%clk 0:13:55]} 24. Kh1 {[%clk 0:23:13]}  e5 {[%clk 0:06:55]} 25. Bxc5 {[%clk 0:21:15]}  Bf5 {[%clk 0:03:50]} 26. Ng1 {[%clk 0:19:11]}  Nxg5 {[%clk 0:04:10]} 27. Kh2 {[%clk 0:17:14]}  Ne4 {[%clk 0:02:32]} 28. Ba3 {[%clk 0:16:11]}  Kd7 {[%clk 0:02:22]} 29. Nf3 {[%clk 0:14:02]}  Rae8 {[%clk 0:02:10]} 30. Bb2 {[%clk 0:13:33]}  Nf6 {[%clk 0:02:11]} 31. Nh4 {[%clk 0:13:17]}  Ng4+ {[%clk 0:02:12]} 32. Kh1 {[%clk 0:12:53]}  Bxc2 {[%clk 0:02:16]} 33. f3 {[%clk 0:12:08]}  Nf6 {[%clk 0:02:32]} 34. Bc1 {[%clk 0:11:52]}  e4 {[%clk 0:00:59]} 35. Ng6 {[%clk 0:11:18]}  Rhg8 {[%clk 0:01:22]} 36. Bf4 {[%clk 0:10:09]}  Nh5 {[%clk 0:00:59]} 37. Ne5+ {[%clk 0:08:39]}  Ke6 {[%clk 0:00:40]} 38. Rfc1 {[%clk 0:04:31]}  g5 {[%clk 0:00:57]} 39. Rxc2 {[%clk 0:04:23]}  gxf4 {[%clk 0:01:23]} 40. gxf4 {[%clk 0:19:38]}  Nxf4 {[%clk 0:16:12]} 41. Nxc6 {[%clk 0:18:50]}  Rg2 {[%clk 0:12:14]} 42. fxe4 {[%clk 0:11:31]}  Rxc2 {[%clk 0:08:18]} 43. Nd4+ {[%clk 0:11:57]}  Ke5 {[%clk 0:08:40]} 44. Nxc2 {[%clk 0:12:24]}  dxe4 {[%clk 0:09:03]} 45. Rf1 {[%clk 0:10:37]}  Nd5 {[%clk 0:05:22]} 46. Kh2 {[%clk 0:08:54]}  Rc8 {[%clk 0:04:13]} 47. Na3 {[%clk 0:08:47]}  e3 {[%clk 0:03:00]} 48. Nc4+ {[%clk 0:07:18]}  Kd4 {[%clk 0:02:42]} 49. Rd1+ {[%clk 0:07:21]}  Kc5 {[%clk 0:02:19]} 50. Nxe3 {[%clk 0:07:19]}  Nc3 {[%clk 0:01:24]} 51. Rc1 {[%clk 0:07:06]}  Kd4 {[%clk 0:01:37]} 52. Nf5+ {[%clk 0:05:15]}  Kd3 {[%clk 0:01:53]} 53. Kxh3 {[%clk 0:05:12]}  Rf8 {[%clk 0:00:47]} 54. Kg4 {[%clk 0:05:02]}  Rg8+ {[%clk 0:00:51]} 55. Kf3 {[%clk 0:04:34]}  Rf8 {[%clk 0:01:12]} 56. Kg4 {[%clk 0:04:53]}  Rg8+ {[%clk 0:01:16]} 57. Kf3 {[%clk 0:05:12]}  Rf8 {[%clk 0:01:18]} 1/2-1/2